[Event "12ème open"]
[Site "Louviers"]
[Date "2009.05.30"]
[Round "2"]
[White "Frey, Alain"]
[Black "Goy, Wilfried"]
[Result "0-1"]
[WhiteElo "1770"]
[BlackElo "1953"]
[PlyCount "53"]
[EventDate "2009.05.30"]
[EventType "swiss"]
[EventRounds "6"]
[EventCountry "FRA"]

1. e4 c5 2. Nf3 Nc6 3. Nc3 e6 4. d4 cxd4 5. Nxd4 Qc7 6. Nxc6 bxc6 7. a3 Nf6 8.
Bg5 Rb8 9. Rb1 Qa5 10. Bd2 Qe5 11. Bd3 Qc7 12. O-O h5 13. Qf3 Bb7 14. Rfe1 e5
15. Bg5 Be7 16. Qe2 d6 17. Bxf6 Bxf6 18. Ba6 Ba8 19. Qd2 Be7 20. Bc4 O-O 21.
Be2 g6 22. Qe3 Kg7 23. Qg3 Kh7 24. b4 f5 25. exf5 Rxf5 26. Ne4 c5 27. b5 {
Suite non lisible} 0-1

[Event "12ème open"]
[Site "Louviers"]
[Date "2009.05.30"]
[Round "2"]
[White "Guillaumat, Jean Pierre"]
[Black "Josse, Sebastien"]
[Result "0-1"]
[WhiteElo "1957"]
[BlackElo "1859"]
[PlyCount "112"]
[EventDate "2009.05.30"]
[EventType "swiss"]
[EventRounds "6"]
[EventCountry "FRA"]

1. d4 Nf6 2. c4 e6 3. Nf3 c5 4. d5 exd5 5. cxd5 d6 6. Nc3 g6 7. e4 Nbd7 8. Bd3
a6 9. a4 Bg7 10. O-O O-O 11. Bf4 Qe7 12. Re1 Nh5 13. Bg5 f6 14. Bh4 g5 15. Bg3
Nxg3 16. hxg3 Qf7 17. Qc2 Bh8 18. Re3 Qh5 19. Be2 g4 20. Nh4 Ne5 21. Nf5 Bxf5
22. exf5 Bg7 23. Bd3 Bh6 24. Ree1 Qf7 25. Be4 Rae8 26. Re2 Re7 27. a5 Rfe8 28.
Rae1 c4 29. b3 Rc7 30. b4 Rec8 31. Na4 c3 32. Nb6 Rd8 33. Qb3 Bd2 34. Rd1 Qe8
35. Qc2 Qf7 36. f4 gxf3 37. gxf3 Kh8 38. Rh2 Rg8 39. Kf2 Qg7 40. Rg1 Nc4 41.
Nxc4 Rxc4 42. Qd3 Qc7 43. Rgh1 Rg7 44. Qc2 Rxb4 45. Rb1 Qc5+ 46. Kg2 Qxa5 47.
Kh3 Qb5 48. Rxb4 Qxb4 49. g4 Qc5 50. Re2 h6 51. Kg3 Qg1+ 52. Rg2 Qe1+ 53. Kh3
h5 54. Qa4 Qh1+ 55. Kg3 h4+ 56. Kf2 Qe1# 0-1

[Event "12ème open"]
[Site "Louviers"]
[Date "2009.05.30"]
[Round "2"]
[White "Levesque, Thomas"]
[Black "Arinal, Serge"]
[Result "1-0"]
[WhiteElo "1950"]
[BlackElo "1710"]
[PlyCount "79"]
[EventDate "2009.05.30"]
[EventType "swiss"]
[EventRounds "6"]
[EventCountry "FRA"]

1. d4 Nf6 2. c4 e6 3. Nc3 d5 4. Nf3 b6 5. Bg5 Be7 6. e3 Bb7 7. Qc2 Nbd7 8.
O-O-O Rc8 9. Qa4 a5 10. Ne5 c6 11. Bxf6 Nxf6 12. f3 O-O 13. Qb3 c5 14. Kb1 cxd4
15. exd4 Bb4 16. Na4 dxc4 17. Bxc4 Bd5 18. Bxd5 Nxd5 19. Rc1 b5 20. Nc5 a4 21.
Qd3 a3 22. Ned7 axb2 23. Kxb2 Re8 24. g3 Ra8 25. Ka1 Ra3 26. Qxb5 Bc3+ 27. Kb1
Bxd4 28. Ne4 Qa8 29. Rc2 Qa5 30. Qxa5 Rxa5 31. Kc1 Nb4 32. Rc4 Be3+ 33. Kb2
Nd3+ 34. Kc2 Ra3 35. Rd1 Nf2 36. Ra1 Nxe4 37. fxe4 f6 38. e5 Rea8 39. Rd1 Rxa2+
40. Kb3 1-0

[Event "12ème open"]
[Site "Louviers"]
[Date "2009.05.30"]
[Round "2"]
[White "Perrusset, Barbara"]
[Black "Mouhamad, Joachin"]
[Result "0-1"]
[WhiteElo "1817"]
[BlackElo "1978"]
[PlyCount "154"]
[EventDate "2009.05.30"]
[EventType "swiss"]
[EventRounds "6"]
[EventCountry "FRA"]

1. e4 d5 2. exd5 Qxd5 3. Nc3 Qa5 4. d4 Nf6 5. Bc4 Bf5 6. Nge2 e6 7. O-O Nbd7 8.
Ng3 c6 9. Nxf5 Qxf5 10. Qe2 Bd6 11. Bd2 O-O 12. Bd3 Qh5 13. Qxh5 Nxh5 14. Ne4
Bc7 15. c4 Nf4 16. Bxf4 Bxf4 17. g3 Bc7 18. Rfd1 Rfd8 19. Rac1 Nf6 20. Nxf6+
gxf6 21. Be4 Rd7 22. d5 Rad8 23. b3 Be5 24. f4 Bb8 25. Bf3 cxd5 26. cxd5 exd5
27. Rxd5 Rxd5 28. Bxd5 Bxf4 29. Bxf7+ Kxf7 30. gxf4 Rd2 31. f5 Kg7 32. a4 Rd7
33. Rc3 Kh6 34. h4 Kh5 35. Rc4 h6 36. Kf1 Rd3 37. b4 a5 38. b5 Rb3 39. Ke2 Rg3
40. Rc7 Kxh4 41. Rxb7 Ra3 42. Rf7 Kg5 43. b6 Rxa4 44. Ra7 Rb4 45. Rxa5 Rxb6 46.
Kf3 Rb4 47. Kg3 Rf4 48. Ra8 Rb4 49. Ra5 Rb3+ 50. Kg2 h5 51. Rc5 Re3 52. Rc8
Kxf5 53. Rh8 Kg4 54. Rg8+ Kf4 55. Rh8 Re5 56. Kh3 Rg5 57. Kh4 Rg1 58. Kh3 f5
59. Rf8 Rh1+ 60. Kg2 Rh4 61. Rf7 Rg4+ 62. Kh3 Rg6 63. Kh4 Rg8 64. Kh3 Ke4 65.
Re7+ Kf3 66. Rh7 f4 67. Rxh5 Kf2 68. Ra5 Re8 69. Kg4 f3 70. Ra2+ Re2 71. Ra3
Re3 72. Ra2+ Kg1 73. Ra1+ Kg2 74. Kf4 Rb3 75. Ra6 f2 76. Rg6+ Kh2 77. Rh6+ Rh3
0-1

[Event "12ème open"]
[Site "Louviers"]
[Date "2009.05.30"]
[Round "2"]
[White "Pytel, Bozena"]
[Black "Lannaud, Jean Charles"]
[Result "1-0"]
[WhiteElo "1960"]
[BlackElo "1610"]
[PlyCount "87"]
[EventDate "2009.05.30"]
[EventType "swiss"]
[EventRounds "6"]
[EventCountry "FRA"]

1. Nf3 g6 2. d4 Bg7 3. c4 Nf6 4. Nc3 O-O 5. e4 d6 6. h3 b6 7. Bg5 Bb7 8. Bd3
Nbd7 9. Qd2 c5 10. d5 Ne8 11. O-O f6 12. Be3 Ne5 13. Be2 Nc7 14. Nh2 Qd7 15. f4
Nf7 16. Bg4 Qd8 17. Be6 Bc8 18. f5 Nxe6 19. dxe6 Ne5 20. b3 g5 21. Nd5 Ba6 22.
a4 Kh8 23. Rad1 Bb7 24. Qe2 Bxd5 25. Rxd5 a5 26. Nf3 Nxf3+ 27. Qxf3 Rg8 28. Rd2
Qe8 29. g3 Bh6 30. g4 Bf8 31. Rh2 Bh6 32. Rff2 Qf8 33. Rfg2 Qg7 34. Qd1 Rad8
35. Qd2 Qf8 36. Rg3 Rg7 37. Rgg2 Qe8 38. Qd3 Qc6 39. Kf2 Rdg8 40. Rh1 Qc8 41.
Rgh2 Qf8 42. Bd2 Qa8 43. h4 Qf8 44. hxg5 1-0

[Event "12ème open"]
[Site "Louviers"]
[Date "2009.05.30"]
[Round "2"]
[White "Pytel, Krzysztof"]
[Black "Lefebvre, Richard"]
[Result "1-0"]
[WhiteElo "2387"]
[BlackElo "1890"]
[PlyCount "43"]
[EventDate "2009.05.30"]
[EventType "swiss"]
[EventRounds "6"]
[EventCountry "FRA"]

1. d4 Nf6 2. Nf3 g6 3. c4 Bg7 4. Nc3 d5 5. e3 O-O 6. Be2 c5 7. O-O cxd4 8. exd4
dxc4 9. Bxc4 Nc6 10. d5 Na5 11. Be2 b6 12. b4 Nb7 13. Bf4 Nd6 14. Ne5 Bb7 15.
Rc1 Rc8 16. Bf3 Ba8 17. h3 b5 18. Re1 Re8 19. Nc6 Qc7 20. Bxd6 Qxd6 21. Nxb5
Qd7 22. Nxe7+ 1-0

[Event "12ème open"]
[Site "Louviers"]
[Date "2009.05.30"]
[Round "2"]
[White "Roussel, Julien"]
[Black "Vincent, Didier"]
[Result "1-0"]
[WhiteElo "1859"]
[BlackElo "2045"]
[PlyCount "148"]
[EventDate "2009.05.30"]
[EventType "swiss"]
[EventRounds "6"]
[EventCountry "FRA"]

1. d4 d5 2. c4 e6 3. Nc3 Nf6 4. cxd5 exd5 5. Bg5 Be7 6. e3 c6 7. Bd3 O-O 8. Qc2
Nbd7 9. Nge2 Re8 10. O-O h6 11. Bh4 Ne4 12. Bxe7 Qxe7 13. Bxe4 dxe4 14. d5 Nf6
15. dxc6 bxc6 16. Nd4 c5 17. Ndb5 a6 18. Na3 Qe5 19. Nc4 Qg5 20. Ne2 Qh4 21.
Rad1 Ng4 22. h3 Ne5 23. Nf4 Rb8 24. Nd6 Re7 25. Nxc8 Rxc8 26. Qxe4 c4 27. Qf5
Rb8 28. Nd5 Re6 29. Rd4 Qg5 30. Qxg5 hxg5 31. Rb1 Kf8 32. Nc3 Reb6 33. f4 gxf4
34. exf4 Ng6 35. Nd1 c3 36. Nxc3 Rxb2 37. Rxb2 Rxb2 38. g3 f6 39. Ra4 Rc2 40.
Nd5 Rc5 41. Nb6 Rc1+ 42. Kf2 Rc2+ 43. Kf3 f5 44. h4 Rc3+ 45. Kg2 Rc2+ 46. Kh3
Rc3 47. h5 Ne7 48. Rxa6 Ng8 49. Ra8+ Kf7 50. Ra7+ Kf8 51. Nd7+ Ke8 52. Ra8+
Kxd7 53. Rxg8 Ra3 54. Rxg7+ Ke6 55. h6 Kf6 56. Rg8 Ra7 57. Kh4 Rxa2 58. Kh3 Ra7
59. Rb8 Kg6 60. Rb6+ Kh7 61. Kh4 Ra3 62. Rf6 Rc3 63. Rxf5 Kxh6 64. g4 Kg6 65.
Rb5 Rc6 66. g5 Rc1 67. f5+ Kg7 68. Rb7+ Kg8 69. Kh5 Rc6 70. f6 Ra6 71. Kg6 Ra8
72. Re7 Rb8 73. f7+ Kf8 74. Re8+ Rxe8 1-0

[Event "12ème open"]
[Site "Louviers"]
[Date "2009.05.31"]
[Round "3"]
[White "Aknouche, Abdesslem"]
[Black "Boursier, Xavier"]
[Result "0-1"]
[WhiteElo "1650"]
[BlackElo "2018"]
[PlyCount "92"]
[EventDate "2009.05.30"]
[EventType "swiss"]
[EventRounds "6"]
[EventCountry "FRA"]

1. d4 Nf6 2. Nf3 g6 3. g3 Bg7 4. Bg2 O-O 5. O-O c6 6. c4 d6 7. Nc3 Nbd7 8. Qc2
e5 9. dxe5 dxe5 10. Bg5 Qc7 11. e4 Nc5 12. b4 Ne6 13. Rad1 Nxg5 14. Nxg5 h6 15.
Nf3 Be6 16. c5 Nd7 17. Rd6 a5 18. Rxe6 fxe6 19. Qb3 axb4 20. Qxe6+ Kh7 21. Ne2
Nxc5 22. Qc4 Na6 23. Nh4 Qf7 24. Qc2 Nc7 25. f4 Qxa2 26. Qd3 Rfd8 27. Qf3 Rf8
28. f5 Qa3 29. Qg4 Qe3+ 30. Kh1 g5 31. f6 Kg8 32. Nf5 Qb3 33. Ne7+ Kf7 34. Qf5
Ke8 35. Bh3 Rxf6 36. Qd7+ Kf8 37. Rxf6+ Bxf6 38. Ng6+ Kg8 39. Bg4 Qf7 40. Qf5
b3 41. Nc3 b2 42. Bh5 Qe6 43. Qf1 Ra1 44. Nb1 Nb5 45. Bd1 Rxb1 46. Qd3 Nc3 0-1

[Event "12ème open"]
[Site "Louviers"]
[Date "2009.05.31"]
[Round "3"]
[White "Dasilva, Antoine"]
[Black "Pytel, Bozena"]
[Result "0-1"]
[WhiteElo "1640"]
[BlackElo "1960"]
[PlyCount "76"]
[EventDate "2009.05.30"]
[EventType "swiss"]
[EventRounds "6"]
[EventCountry "FRA"]

1. e4 e6 2. Nf3 d5 3. exd5 exd5 4. c3 Nf6 5. d4 Be7 6. Bd3 O-O 7. Ne5 c5 8. O-O
Nc6 9. Bf4 Qb6 10. Nxc6 Qxc6 11. Re1 Re8 12. Nd2 Bg4 13. Qc2 c4 14. Bf5 g6 15.
Bxg4 Nxg4 16. h3 Nf6 17. Be5 b5 18. a3 Nd7 19. Nf3 a5 20. Qd2 Bf8 21. Re2 b4
22. axb4 axb4 23. Rae1 b3 24. g4 Ra2 25. Kg2 Rea8 26. h4 Ra1 27. h5 Rxe1 28.
Rxe1 Nf6 29. hxg6 fxg6 30. Qf4 Ne4 31. Rh1 Qd7 32. Ng5 Nxg5 33. Qxg5 Ra2 34.
Qxg6+ hxg6 35. Rh8+ Kf7 36. Rh7+ Ke8 37. Rxd7 Kxd7 38. f4 Rxb2+ 0-1

[Event "12ème open"]
[Site "Louviers"]
[Date "2009.05.31"]
[Round "3"]
[White "Debray, Christopher"]
[Black "Levesque, Thomas"]
[Result "1-0"]
[WhiteElo "2299"]
[BlackElo "1950"]
[PlyCount "108"]
[EventDate "2009.05.30"]
[EventType "swiss"]
[EventRounds "6"]
[EventCountry "FRA"]

1. d4 f5 2. g3 Nf6 3. Bg2 e6 4. Nf3 d5 5. O-O Bd6 6. b3 O-O 7. Ba3 Ne4 8. c4 c6
9. Qc1 Nd7 10. Bxd6 Nxd6 11. Na3 Nf7 12. Nc2 Nf6 13. Nb4 Qd6 14. Nd3 Nd7 15.
Rd1 Re8 16. Qb2 g5 17. Rac1 Qe7 18. e3 h5 19. cxd5 exd5 20. b4 g4 21. Nh4 Qf6
22. Qb1 Nd6 23. b5 Nc4 24. Nf4 Ndb6 25. Bf1 Bd7 26. Bd3 Nd6 27. Bf1 Rec8 28.
Nd3 cxb5 29. Nc5 Bc6 30. Bd3 Rf8 31. Ng2 Nbc4 32. Nf4 Rae8 33. Bf1 a5 34. Bg2
Qf7 35. h3 gxh3 36. Bf3 Rb8 37. Ncd3 Ne4 38. Ne5 Nxe5 39. dxe5 Rfd8 40. Qd3 Qe7
41. Qd4 Kh7 42. e6 Qg7 43. Bxh5 h2+ 44. Kxh2 Qxd4 45. Rxd4 Nxf2 46. Bg6+ Kg7
47. e7 Rg8 48. Bxf5 Kf6 49. Be6 Rge8 50. Rf1 Ne4 51. Bxd5 Bxd5 52. Nxd5+ Ke5
53. Nc7 Nd6 54. Rff4 Nf5 1-0

[Event "12ème open"]
[Site "Louviers"]
[Date "2009.05.31"]
[Round "3"]
[White "Dunand, Damien"]
[Black "Guillaumat, Jean Pierre"]
[Result "0-1"]
[WhiteElo "1620"]
[BlackElo "1957"]
[PlyCount "82"]
[EventDate "2009.05.30"]
[EventType "swiss"]
[EventRounds "6"]
[EventCountry "FRA"]

1. c4 c5 2. Nc3 Nc6 3. g3 e6 4. Bg2 Nf6 5. e3 d5 6. cxd5 exd5 7. d4 Be6 8. Nge2
Bd6 9. dxc5 Bxc5 10. O-O O-O 11. Nf4 Ne7 12. Qb3 Qb6 13. Qxb6 Bxb6 14. Na4 Rfd8
15. Nxb6 axb6 16. Nxe6 fxe6 17. Bd2 Nc6 18. Bc3 Kf7 19. Rfd1 Rd7 20. Rd2 b5 21.
b3 b4 22. Bb2 Rc7 23. Rc2 Rd7 24. Kf1 h6 25. h4 Rf8 26. Rd1 Ra8 27. Ba1 Ke7 28.
Ke2 Ra6 29. Bd4 Rd8 30. Rdd2 Rda8 31. Ke1 Kf7 32. Bf1 Ra3 33. Bb5 Ne4 34. Re2
Nxd4 35. Rc7+ Kf6 36. exd4 Nc3 37. Rxc3 bxc3 38. Ba4 b5 39. Bxb5 Rxa2 40. Rxa2
Rxa2 41. Ba4 Ra1+ 0-1

[Event "12ème open"]
[Site "Louviers"]
[Date "2009.05.31"]
[Round "3"]
[White "Goy, Wilfried"]
[Black "Pytel, Krzysztof"]
[Result "1/2-1/2"]
[WhiteElo "1953"]
[BlackElo "2387"]
[PlyCount "159"]
[EventDate "2009.05.30"]
[EventType "swiss"]
[EventRounds "6"]
[EventCountry "FRA"]

1. e4 c5 2. Nc3 Nc6 3. g3 g6 4. Bg2 Bg7 5. Nge2 d6 6. O-O Nf6 7. f4 O-O 8. d3
Rb8 9. h3 Bd7 10. g4 b5 11. Ng3 b4 12. Nce2 Nd4 13. f5 a5 14. Rb1 a4 15. b3 Qb6
16. Kh1 Bc6 17. Bb2 axb3 18. axb3 Nd7 19. g5 Ra8 20. Nf4 Ra2 21. h4 Be5 22. h5
gxf5 23. Bxd4 cxd4 24. Nxf5 e6 25. Nh6+ Kh8 26. Nh3 Kg7 27. Ng4 Qc5 28. Rc1 d5
29. Nf6 dxe4 30. Nxe4 Bxe4 31. Bxe4 Bd6 32. Qe2 Qe5 33. Qg2 Nc5 34. Rce1 Qg3
35. Re2 Nxe4 36. Rxe4 Qxg2+ 37. Kxg2 Rxc2+ 38. Rf2 Rxf2+ 39. Kxf2 Rc8 40. g6
hxg6 41. hxg6 e5 42. gxf7 Kxf7 43. Rh4 Rc3 44. Ng5+ Kg6 45. Ne4 Rc2+ 46. Kf3
Be7 47. Rh8 Rb2 48. Rb8 Rxb3 49. Rb6+ Kf7 50. Ke2 Rb2+ 51. Kd1 Rg2 52. Kc1 Rg6
53. Rb5 Rc6+ 54. Kd1 Ke6 55. Ke2 Rc2+ 56. Kf3 Ra2 57. Rb6+ Kd5 58. Rb5+ Kc6 59.
Rxe5 Ra7 60. Nd2 Bd6 61. Rh5 Rf7+ 62. Ke2 Re7+ 63. Kd1 Re3 64. Kc2 Re2 65. Kd1
Rg2 66. Nb3 Rg4 67. Rf5 Be7 68. Na5+ Kd7 69. Rb5 Bd6 70. Nb3 Kc6 71. Rf5 Rh4
72. Na5+ Kd7 73. Rb5 Rh3 74. Kc2 Rh2+ 75. Kb3 Bc7 76. Nc4 Rh3 77. Rd5+ Kc6 78.
Rxd4 Kc5 79. Rd7 Kc6 80. Rd4 1/2-1/2

[Event "12ème open"]
[Site "Louviers"]
[Date "2009.05.31"]
[Round "3"]
[White "Houriez, Philippe"]
[Black "Duhamel, Benoit"]
[Result "1/2-1/2"]
[WhiteElo "1610"]
[BlackElo "1930"]
[PlyCount "31"]
[EventDate "2009.05.30"]
[EventType "swiss"]
[EventRounds "6"]
[EventCountry "FRA"]

1. e4 e5 2. d4 exd4 3. Qxd4 Nc6 4. Qe3 b6 5. Nc3 Bb7 6. Bd2 Bc5 7. Qg3 g6 8.
O-O-O f6 9. Bf4 d6 10. Bb5 g5 11. Be3 Bxe3+ 12. Qxe3 a6 13. Bxc6+ Bxc6 14. Nf3
Nh6 15. Nd4 Bd7 16. h3 1/2-1/2

[Event "12ème open"]
[Site "Louviers"]
[Date "2009.05.31"]
[Round "3"]
[White "Josse, Sebastien"]
[Black "Rousselin, Marc"]
[Result "1-0"]
[WhiteElo "1800"]
[BlackElo "1578"]
[PlyCount "109"]
[EventDate "2009.05.30"]
[EventType "swiss"]
[EventRounds "6"]
[EventCountry "FRA"]

1. f4 d5 2. Nf3 Nf6 3. g3 c5 4. Bg2 Nc6 5. d3 Bg4 6. c3 Qd7 7. h3 Bxf3 8. Bxf3
e6 9. Na3 Be7 10. c4 Nd4 11. Bg2 Nf5 12. Kf2 d4 13. Nc2 h5 14. Ne1 Ne3 15. Bxe3
dxe3+ 16. Kg1 Rb8 17. Nf3 Qd8 18. Qa4+ b5 19. cxb5 Qb6 20. Ne5 Nd5 21. Nc4 Qxb5
22. Qxb5+ Rxb5 23. Rb1 O-O 24. Bxd5 exd5 25. Nxe3 c4 26. dxc4 Ra5 27. Nxd5 Bc5+
28. Kg2 Rxa2 29. Rhd1 Rb8 30. Rd2 a5 31. Nc3 Bb4 32. Rbd1 Bxc3 33. bxc3 Rxd2
34. Rxd2 a4 35. Ra2 Ra8 36. Kf3 Kf8 37. Ke4 Ra5 38. Kd4 Ke7 39. c5 Kd7 40. Kd5
a3 41. e4 f6 42. g4 hxg4 43. hxg4 g6 44. Kd4 Ra4+ 45. Kd5 Ra5 46. e5 fxe5 47.
fxe5 Ra6 48. g5 Ra5 49. e6+ Ke7 50. c4 Ra6 51. c6 Ra7 52. Rh2 Ra5+ 53. c5 a2
54. Rh7+ Ke8 55. c7 1-0

[Event "12ème open"]
[Site "Louviers"]
[Date "2009.05.31"]
[Round "3"]
[White "Lefebvre, Richard"]
[Black "Billard, Sebastien"]
[Result "1-0"]
[WhiteElo "1890"]
[BlackElo "1600"]
[PlyCount "49"]
[EventDate "2009.05.30"]
[EventType "swiss"]
[EventRounds "6"]
[EventCountry "FRA"]

1. e4 d5 2. exd5 Nf6 3. Nf3 Nxd5 4. d4 Bf5 5. Bd3 Bxd3 6. Qxd3 e6 7. Qb5+ Nd7
8. Qxb7 N7b6 9. O-O Bd6 10. Qa6 O-O 11. a3 Nd7 12. Qe2 h6 13. c4 N5f6 14. Nc3
a6 15. Rd1 Re8 16. Qc2 Nh7 17. b4 Be7 18. d5 e5 19. c5 Bf6 20. Ne4 Rb8 21. Rb1
Bg5 22. Nexg5 Nxg5 23. Bxg5 hxg5 24. d6 c6 25. Qc1 1-0

[Event "12ème open"]
[Site "Louviers"]
[Date "2009.05.31"]
[Round "3"]
[White "Marchandise, Frederic"]
[Black "Pheng, Wissam"]
[Result "1-0"]
[WhiteElo "1862"]
[BlackElo "1400"]
[PlyCount "83"]
[EventDate "2009.05.30"]
[EventType "swiss"]
[EventRounds "6"]
[EventCountry "FRA"]

1. c4 e6 2. Nc3 Nf6 3. g3 Bc5 4. Bg2 O-O 5. Nf3 Nc6 6. a3 b6 7. b4 Be7 8. Bb2
Bb7 9. Ne5 Nxe5 10. Bxb7 Rb8 11. Bg2 Nxc4 12. Bc1 c6 13. d3 Nd6 14. e4 Qc7 15.
Bf4 Nfe8 16. Rc1 b5 17. O-O h6 18. Qh5 Nf6 19. Qe2 Nfe8 20. d4 a6 21. d5 Rb7
22. e5 Nc8 23. d6 Bxd6 24. exd6 Nexd6 25. Rfd1 f6 26. Qg4 Kh7 27. Be3 Qd8 28.
Bc5 Qc7 29. Qd4 e5 30. Qd3+ f5 31. Bxd6 e4 32. Qd4 Nxd6 33. Qxd6 Qxd6 34. Rxd6
Rf7 35. Rcd1 g6 36. g4 fxg4 37. Bxe4 Rg7 38. Ne2 h5 39. Nf4 Kg8 40. Bxg6 Kf8
41. Nxh5 Rg8 42. Re1 1-0

[Event "12ème open"]
[Site "Louviers"]
[Date "2009.05.31"]
[Round "3"]
[White "Mouhamad, Joachin"]
[Black "Roussel, Julien"]
[Result "1/2-1/2"]
[WhiteElo "1978"]
[BlackElo "1859"]
[PlyCount "61"]
[EventDate "2009.05.30"]
[EventType "swiss"]
[EventRounds "6"]
[EventCountry "FRA"]

1. e4 Nf6 2. Nc3 d6 3. d4 g6 4. Be3 Bg7 5. f3 O-O 6. Qd2 e5 7. Nge2 Nbd7 8.
O-O-O c6 9. g4 b5 10. Ng3 Qa5 11. g5 Ne8 12. h4 b4 13. Nb1 Nc7 14. h5 exd4 15.
Bxd4 Bxd4 16. hxg6 fxg6 17. Bc4+ d5 18. Qxd4 dxc4 19. Qxc4+ Rf7 20. Nf5 gxf5
21. Rxh7 Ne5 22. Rd8+ Kxh7 23. Qf1 Rf8 24. Rxf8 Kg7 25. Qh3 Kxf8 26. Qh8+ Ke7
27. Qf6+ Ke8 28. Qh8+ Kd7 29. Qg7+ Ke8 30. Qh8+ Kf7 31. Qh7+ 1/2-1/2

[Event "12ème open"]
[Site "Louviers"]
[Date "2009.05.31"]
[Round "3"]
[White "Paris, Christophe"]
[Black "Perrusset, Barbara"]
[Result "0-1"]
[WhiteElo "1430"]
[BlackElo "1817"]
[PlyCount "44"]
[EventDate "2009.05.30"]
[EventType "swiss"]
[EventRounds "6"]
[EventCountry "FRA"]

1. e4 c5 2. d4 cxd4 3. c3 Nf6 4. Qxd4 Nc6 5. Qe3 e6 6. Bc4 d5 7. Bb5 Nxe4 8. f3
Bc5 9. Qe2 Nf2 10. Be3 Bxe3 11. Qxe3 Nxh1 12. Nd2 Qb6 13. Qxb6 axb6 14. O-O-O
Rxa2 15. Nb3 O-O 16. Nh3 Na5 17. Kb1 Nxb3 18. Kxa2 Nc5 19. b4 Bd7 20. bxc5 Bxb5
21. cxb6 Ra8+ 22. Kb3 Ba4+ 0-1

[Event "12ème open"]
[Site "Louviers"]
[Date "2009.05.31"]
[Round "3"]
[White "Tirard, Hugo"]
[Black "Dallery, Christophe"]
[Result "1-0"]
[WhiteElo "2425"]
[BlackElo "1960"]
[PlyCount "61"]
[EventDate "2009.05.30"]
[EventType "swiss"]
[EventRounds "6"]
[EventCountry "FRA"]

1. e4 c5 2. Nf3 d6 3. d4 cxd4 4. Nxd4 Nf6 5. Nc3 Nc6 6. f3 e5 7. Nb3 Be6 8. Nd5
Be7 9. Be3 O-O 10. Qd2 a5 11. Bb6 Qd7 12. Nc7 Rac8 13. Nxe6 Qxe6 14. Rd1 Nb4
15. Bxa5 Nxc2+ 16. Kf2 Kh8 17. Bd3 Nd4 18. Nxd4 exd4 19. b3 g5 20. Bc4 Qe5 21.
Bb6 g4 22. Bxd4 Qh5 23. Qf4 Qg6 24. Bd3 Qg7 25. Rhg1 Rc6 26. Bb1 Bd8 27. Ke2
Re8 28. Kf1 Kg8 29. Bd3 Re6 30. Bc4 Re8 31. Bb5 1-0

[Event "12ème open"]
[Site "Louviers"]
[Date "2009.05.31"]
[Round "3"]
[White "Vigneron, Frederic"]
[Black "Duverne, Jean Marie"]
[Result "0-1"]
[WhiteElo "1949"]
[BlackElo "2158"]
[PlyCount "60"]
[EventDate "2009.05.30"]
[EventType "swiss"]
[EventRounds "6"]
[EventCountry "FRA"]

1. d4 Nf6 2. c4 e6 3. Nf3 b6 4. g3 Bb7 5. Bg2 Be7 6. O-O O-O 7. Nc3 d5 8. Ne5
Nbd7 9. Nxd7 Qxd7 10. cxd5 exd5 11. Bg5 Rfe8 12. Qc2 Rac8 13. Rfd1 Ne4 14. Bxe7
Qxe7 15. Nxe4 dxe4 16. e3 Bd5 17. Bh3 Rcd8 18. Rdc1 c6 19. a4 a5 20. Qd2 h5 21.
Bf1 h4 22. Bc4 Qe6 23. Qe2 h3 24. Bxd5 Rxd5 25. Ra3 Red8 26. Rc2 c5 27. Rd2
cxd4 28. exd4 Rxd4 29. Rxd4 Rxd4 30. f3 Qd5 0-1

[Event "12ème open"]
[Site "Louviers"]
[Date "2009.05.31"]
[Round "3"]
[White "Vincent, Didier"]
[Black "Saint Gilles, Damien"]
[Result "1-0"]
[WhiteElo "2045"]
[BlackElo "1669"]
[PlyCount "105"]
[EventDate "2009.05.30"]
[EventType "swiss"]
[EventRounds "6"]
[EventCountry "FRA"]

1. e4 d5 2. exd5 Qxd5 3. Nc3 Qd6 4. d4 Nf6 5. Nf3 c6 6. h3 h6 7. Bd3 Nbd7 8.
O-O Nb6 9. a3 Be6 10. Ne2 g5 11. Ne5 Nfd7 12. f4 Nxe5 13. fxe5 Qd7 14. Bd2 Nc4
15. Rb1 Bg7 16. Bc1 f6 17. b3 Nb6 18. Bg6+ Kd8 19. exf6 Bxf6 20. Qd3 Rf8 21.
Bb2 Bf7 22. Bf5 Be6 23. Rbd1 Bxf5 24. Rxf5 Kc7 25. c4 Rad8 26. Rdf1 Kc8 27. Qe4
Na8 28. d5 Rfe8 29. dxc6 bxc6 30. Bxf6 exf6 31. Qf3 Qe6 32. Ng3 Qe3+ 33. Kh2
Rd6 34. Rxf6 Qxf3 35. R1xf3 Ree6 36. Rf8+ Kb7 37. R3f7+ Nc7 38. Nf5 Rd2 39. Ng3
Rdd6 40. Rg8 c5 41. Rgg7 Rc6 42. Re7 Kb6 43. Rh7 Rxe7 44. Rxe7 Re6 45. Rh7 Rf6
46. Ne4 Re6 47. Nxc5 Kxc5 48. Rxc7+ Kb6 49. Rf7 a6 50. Kg3 Re3+ 51. Rf3 Re6 52.
Kf2 Kc5 53. Rd3 1-0

[Event "12ème open"]
[Site "Louviers"]
[Date "2009.05.31"]
[Round "4"]
[White "Bordelet, Louis"]
[Black "Vincent, Didier"]
[Result "0-1"]
[WhiteElo "1804"]
[BlackElo "2045"]
[PlyCount "77"]
[EventDate "2009.05.30"]
[EventType "swiss"]
[EventRounds "6"]
[EventCountry "FRA"]

1. e4 e5 2. Nf3 Nc6 3. Bb5 a6 4. Ba4 Nf6 5. O-O b5 6. Bb3 Be7 7. Re1 d6 8. c3
Na5 9. Bc2 c5 10. d4 Qc7 11. d5 O-O 12. h3 Nb7 13. Nbd2 a5 14. Nf1 c4 15. Ng3
Nc5 16. Nh2 Bd7 17. f4 exf4 18. Bxf4 Rfe8 19. Qf3 h6 20. Rad1 b4 21. Nh5 Nxh5
22. Qxh5 Bf6 23. Qf3 Be5 24. Bc1 Re7 25. Rf1 bxc3 26. bxc3 a4 27. Ng4 Bxg4 28.
Qxg4 Kh8 29. Rf3 a3 30. Rdf1 f6 31. Qg6 Nd7 32. Qh5 Kh7 33. Bf4 Rb8 34. Bxe5
Rxe5 35. Qg4 Rb2 36. Ba4 Nc5 37. Be8 Rg5 38. Qf4 Rgxg2+ 39. Kh1 0-1

[Event "12ème open"]
[Site "Louviers"]
[Date "2009.05.31"]
[Round "4"]
[White "Boursier, Xavier"]
[Black "Lefebvre, Richard"]
[Result "1-0"]
[WhiteElo "2018"]
[BlackElo "1890"]
[PlyCount "93"]
[EventDate "2009.05.30"]
[EventType "swiss"]
[EventRounds "6"]
[EventCountry "FRA"]

1. e4 c5 2. c3 d5 3. exd5 Qxd5 4. d4 Nc6 5. Nf3 Nf6 6. dxc5 Qxd1+ 7. Kxd1 e5 8.
b4 Bf5 9. Be3 O-O-O+ 10. Kc1 Ng4 11. Ng5 Nxe3 12. fxe3 Bg6 13. Bc4 Rd7 14. Rd1
Rxd1+ 15. Kxd1 Nd8 16. Nd2 Be7 17. Ngf3 f6 18. e4 Nc6 19. Ke2 Kc7 20. Rf1 Rd8
21. Bd3 Bf7 22. Nc4 Bg8 23. a3 a5 24. Ne3 axb4 25. axb4 Ra8 26. Rc1 Ra2+ 27.
Rc2 Rxc2+ 28. Bxc2 Bf8 29. Bd3 Ne7 30. Bc4 Bxc4+ 31. Nxc4 Ng6 32. g3 Ne7 33.
Kd3 Nc8 34. Ne3 Na7 35. Kc4 Kc6 36. Nd2 g6 37. Nb3 f5 38. exf5 gxf5 39. Nxf5 e4
40. Nd2 b6 41. cxb6 Kxb6 42. Nxe4 Nb5 43. g4 Kc6 44. Nd4+ Nxd4 45. Kxd4 Bg7+
46. Kc4 Be5 47. h4 1-0

[Event "12ème open"]
[Site "Louviers"]
[Date "2009.05.31"]
[Round "4"]
[White "Dallery, Christophe"]
[Black "Perrusset, Barbara"]
[Result "1-0"]
[WhiteElo "1960"]
[BlackElo "1817"]
[PlyCount "133"]
[EventDate "2009.05.30"]
[EventType "swiss"]
[EventRounds "6"]
[EventCountry "FRA"]

1. d4 Nf6 2. Nf3 d5 3. c4 e6 4. Nc3 c6 5. e3 Nbd7 6. Bd3 Bd6 7. O-O O-O 8. Bd2
dxc4 9. Bxc4 e5 10. Qc2 Qc7 11. Rac1 exd4 12. exd4 Nb6 13. Be2 Nbd5 14. Ne4 Bf4
15. h3 Nxe4 16. Qxe4 Bxd2 17. Nxd2 Nf4 18. Bc4 Qd6 19. Nf3 Qh6 20. d5 cxd5 21.
Bxd5 Bxh3 22. gxh3 Rae8 23. Qf5 Ne2+ 24. Kg2 Nxc1 25. Ng5 Qg6 26. Qxg6 hxg6 27.
Bxf7+ Rxf7 28. Nxf7 Kxf7 29. Rxc1 Re7 30. Kg3 Kf6 31. Kf3 Rd7 32. Rc2 Re7 33.
Rc8 Kf7 34. Ra8 a6 35. Rb8 Ke6 36. Kg4 Kf7 37. f3 Rd7 38. f4 Rc7 39. b4 Rd7 40.
a4 Rc7 41. b5 axb5 42. axb5 Rd7 43. b6 Re7 44. Rc8 Ke6 45. Kg5 Kd6 46. Kxg6 Re3
47. Kxg7 Rb3 48. Rh8 Rf3 49. Rh4 Kc6 50. Rh6+ Kc5 51. h4 Rxf4 52. h5 Rh4 53.
Kg6 Rh1 54. Kf7 Rd1 55. Rf6 Rd7+ 56. Kg6 Rd1 57. h6 Rg1+ 58. Kh7 Rg2 59. Rg6
Rd2 60. Rf6 Rg2 61. Kh8 Rh2 62. Rg6 Re2 63. h7 Re8+ 64. Kg7 Re7+ 65. Kh6 Re8
66. Rf6 Rd8 67. Kg7 1-0